000 00369nam a22001457a 4500
003 LK-CoMWRAF
005 20231121152910.0
008 231121b |||||||| |||| 00| 0 eng d
040 _aLK-CoMWRAF
_dLK-CoMWRAF
_eLK-CoMWRAF
041 _aeng
082 _a428
_bPIC
245 _aPicture Dictionry of S-Z :
_bEssential words : Book 4
650 _aDictionary
942 _cBK
999 _c4206
_d4206